Austin & Ally Disney Channel cast 2011-2016 - Statistics

General Stats
  • This quiz has been taken 99 times
  • The average score is 14 of 74
Answer Stats
Actor Role % Correct
Ross Lynch Austin Moon
97%
Calum Worthy Dez
92%
Laura Marano Ally Dawson
91%
Raini Rodriguez Trish De la Rosa
71%
Richard Whiten Jimmy starr
50%
Kiersey Clemons Kira Starr
47%
Andy Milder Lester Dawson
47%
Hannah Kat Jones Carrie
46%
Bruno Mello chuck
46%
Noah Centineo Dallas
43%
Hayley Erin Piper
41%
Cole Sand Nelson
39%
Jill Benjamin Mimi Moon
37%
Peyton List Emma Ross
33%
John Henson Mike Moon
33%
Carrie Wampler Brooke
30%
Debby Ryan Jessie prescott
30%
Cameron Boyce Luke Ross
29%
Karan Brar Ravi Ross
28%
Skai Jackson Zuri Ross
26%
Cameron Deane Stewart Jace
25%
Julia Campbell Penny Dawson
25%
Cassidy Ann Shafer Kimmy
24%
Cameron Jebo Gavin Young
22%
Ashley Fink Mindy
20%
James earl Shiny Money
20%
Trevor Jackson Trent
20%
Kevin Chamberlain Bertram
18%
Aubrey K. Miller megan Simms
16%
Jim Hoffmaster Pirate Frank
16%
Joe Rowley Ronnie Ramone
16%
Cody Christian Elliot
12%
Mim Drew Helen
12%
Mimi Kirkland Lily
12%
Kahyun Kim Sun Hee
12%
Skylar Stecker Ridley
11%
Brendan Hunt Spike stevens
11%
Arturo del Puerto Jean Paul paul Jean
9%
Roman Zaragoza Miles
9%
Aubrey Peeples Cassidy
8%
Russ Marchand Jett Deely
8%
Devon Leos JJ
8%
Anna Vocino Cheeri
7%
John Paul Green Chuck McCoy
7%
Bruno Amato Coach Simmons
7%
Isaak Presley Max
7%
Jaida- Iman Benjamin Becky
5%
Alexa Russo Hazel
5%
Andy Goldenberg Martin
5%
Christine Rodriguez Margo
4%
Michael McCafferty Mr. Conley
4%
Saidah Arrika Ekulona Val Crawford
4%
John lee Ames Clavis
3%
troy Osterberg Ethan
3%
John O'Brien Mr. Neidermeyer
3%
Ithamar Enriquez Burglar
1%
Lisa Arch Demonica Dixon
1%
Veronica Dunne Emily
1%
Lauren Boles Little Ally
1%
Rachel Eggleston Little Tilly
1%
Monica Smith Mrs. Ingram
1%
jet Jurgensmeyer Stevie
1%
J.R. Nutt Tim
1%
Ryan Bollman Tommy Clarkson
1%
Miles Elliot Young Austin
1%
Tyler Cook Allen
0%
Meghan Gumina Anne Smith
0%
Harry van Gorkum Armad Bianchi
0%
Robert Picardo Dr. grant
0%
David Michie Emilio
0%
Eliana Arroyo Little Trish
0%
Preston Jones Miami Mack
0%
Kelly perine officer Dunphy
0%
Renee Percy Wanda Watson
0%
No matching quizzes found
Score Distribution
Percent of People with Each Score
Percentile by Number Answered
Your Score History
You have not taken this quiz